[Event "POL-chT 2nd League"]
[Site "Ustron"]
[Date "2008.09.11"]
[Round "5.94"]
[White "Graczyk, Damian"]
[Black "Bartoszek, Henryk"]
[Result "1-0"]
[WhiteElo "1863"]
[BlackElo "1981"]
[PlyCount "99"]
[EventDate "2008.09.06"]
[EventType "team-swiss"]
[EventRounds "9"]
[EventCountry "POL"]
[SourceTitle "EXT 2015"]
[Source "ChessBase"]
[SourceDate "2014.11.20"]
[SourceVersion "1"]
[SourceVersionDate "2014.11.20"]
[SourceQuality "1"]
[WhiteTeam "Katowice Hetman Szopienice II"]
[BlackTeam "Pultusk Nadnarwianka"]
[WhiteTeamCountry "POL"]
[BlackTeamCountry "POL"]

1. d4 c5 2. d5 e5 3. e4 d6 4. c4 Nf6 5. Nc3 Qa5 6. Qc2 Nbd7 7. Bd2 a6 8. Nf3 Be7 9. g3 0-0 10. Bg2 Qc7 11. 0-0 b6 12. Nh4 g6 13. Bh6 Re8 14. Qd2 Ng4 15. Bg5 Qd8 16. Bxe7 Qxe7 17. h3 Ngf6 18. Rae1 Nh5 19. Kh2 Ndf6 20. Nf3 Bd7 21. a4 Reb8 22. Ng1 Be8 23. f4 Nd7 24. f5 f6 25. fxg6 Bxg6 26. Nf3 Qg7 27. Nh4 Kh8 28. Ne2 Rg8 29. g4 Nf4 30. Nxf4 exf4 31. Qxf4 Raf8 32. Qxd6 Ne5 33. b3 Qh6 34. Nxg6+ Rxg6 35. Kg1 Rfg8 36. Rxf6 Rxf6 37. Qxe5 Rg5 38. Qc3 Kg8 39. e5 Rf8 40. d6 Qh4 41. Bd5+ Kg7 42. e6+ Kh6 43. e7 Qf2+ 44. Kh1 Rf4 45. e8Q Rfxg4 46. Qe6+ Rg6 47. Qxg4 Rxg4 48. hxg4 Qh4+ 49. Kg1 Qxg4+ 50. Bg2 1-0

[Event "POL-chT 2nd League"]
[Site "Ustron"]
[Date "2008.09.10"]
[Round "4.71"]
[White "Bartoszek, Henryk"]
[Black "Kurkowski, Zbigniew"]
[Result "1/2-1/2"]
[WhiteElo "1981"]
[BlackElo "2113"]
[PlyCount "137"]
[EventDate "2008.09.06"]
[EventType "team-swiss"]
[EventRounds "9"]
[EventCountry "POL"]
[SourceTitle "EXT 2015"]
[Source "ChessBase"]
[SourceDate "2014.11.20"]
[SourceVersion "1"]
[SourceVersionDate "2014.11.20"]
[SourceQuality "1"]
[WhiteTeam "Pultusk Nadnarwianka"]
[BlackTeam "Gostynin Gostmat 83"]
[WhiteTeamCountry "POL"]
[BlackTeamCountry "POL"]

1. d4 Nf6 2. c4 e6 3. a3 b6 4. e3 Be7 5. Nf3 Bb7 6. Be2 0-0 7. Nc3 d5 8. 0-0 Nbd7 9. cxd5 exd5 10. Qb3 Re8 11. Rd1 c6 12. Bd2 Bd6 13. h3 Qe7 14. Be1 Ne4 15. Rac1 Ndf6 16. Bf1 Rac8 17. Ne2 h6 18. Qa4 Ra8 19. b4 g5 20. g3 Qd7 21. Nh2 Nh5 22. Bg2 Qe6 23. Qb3 a6 24. Nf1 f5 25. f4 Re7 26. Bf3 Nhf6 27. Kh2 Rae8 28. Nc3 Nxc3 29. Qxc3 Qf7 30. Qc2 Qe6 31. Rd2 Rg7 32. Bh1 gxf4 33. gxf4 Kh8 34. Rg2 Reg8 35. Rxg7 Rxg7 36. Bg2 Ne4 37. Bxe4 fxe4 38. Qe2 Qg6 39. Ng3 Be7 40. Qh5 Qxh5 41. Nxh5 Rf7 42. Bf2 Kh7 43. Rg1 Bc8 44. Rc1 Bb7 45. Ng3 Kg6 46. Ne2 Kf5 47. Nc3 Rg7 48. Na4 Bd8 49. Nb2 Be7 50. Nd1 Rg8 51. Bg1 Rc8 52. Bf2 c5 53. bxc5 bxc5 54. Rb1 Rc7 55. dxc5 Bxc5 56. a4 Ba7 57. Kg2 d4 58. Kf1 d3 59. Be1 Ke6 60. Bd2 Bc6 61. a5 Bb5 62. Nc3 Bc6 63. Kf2 Rg7 64. Rb4 Kf5 65. Rc4 Rg6 66. Nd1 Bb5 67. Rc8 Rc6 68. Rf8+ Rf6 69. Rc8 1/2-1/2

[Event "POL-ch Seniors 18th"]
[Site "Rowy"]
[Date "2007.09.10"]
[Round "3.7"]
[White "Buczek, Stanislaw"]
[Black "Bartoszek, Henryk"]
[Result "0-1"]
[WhiteElo "1999"]
[BlackElo "1932"]
[PlyCount "51"]
[EventDate "2007.09.09"]
[EventType "swiss"]
[EventRounds "9"]
[EventCountry "POL"]
[SourceTitle "EXT 2023"]
[Source "ChessBase"]
[SourceDate "2022.10.05"]
[SourceVersion "1"]
[SourceVersionDate "2022.10.05"]
[SourceQuality "1"]

1. e4 Nf6 2. e5 Nd5 3. d4 d6 4. exd6 cxd6 5. Nf3 Nc6 6. c4 Nb6 7. d5 Nb4 8. a3 Na6 9. b4 e5 10. Qc2 Be7 11. Bb2 0-0 12. Nbd2 Kh8 13. h3 f5 14. Be2 Bf6 15. 0-0 Bd7 16. Nh2 Qe7 17. b5 Nc5 18. a4 a5 19. Ra3 Nc8 20. Nb3 b6 21. Nxc5 dxc5 22. Re1 Nd6 23. Bf1 Rae8 24. f4 e4 25. Bxf6 Qxf6 26. Qc3 0-1

[Event "POL-ch Seniors 18th"]
[Site "Rowy"]
[Date "2007.09.09"]
[Round "1.17"]
[White "Panek, Tadeusz"]
[Black "Bartoszek, Henryk"]
[Result "0-1"]
[WhiteElo "1992"]
[BlackElo "1932"]
[PlyCount "21"]
[EventDate "2007.09.09"]
[EventType "swiss"]
[EventRounds "9"]
[EventCountry "POL"]
[SourceTitle "EXT 2023"]
[Source "ChessBase"]
[SourceDate "2022.10.05"]
[SourceVersion "1"]
[SourceVersionDate "2022.10.05"]
[SourceQuality "1"]

1. d4 c5 2. d5 e5 3. c4 d6 4. e4 Nf6 5. Nc3 Qa5 6. Bd2 Be7 7. Nf3 0-0 8. Be2 a6 9. 0-0 Nbd7 10. Qc2 Qd8 11. Rad1 0-1

[Event "Brandenburg Seniors op 16th"]
[Site "Rowy"]
[Date "2007.06.24"]
[Round "6"]
[White "Prokopczuk, Antoni"]
[Black "Bartoszek, Henryk"]
[Result "0-1"]
[WhiteElo "1880"]
[BlackElo "2000"]
[PlyCount "77"]
[EventDate "2007.06.18"]
[EventType "swiss"]
[EventRounds "9"]
[EventCountry "POL"]
[SourceTitle "EXT 2011"]
[Source "ChessBase"]
[SourceDate "2010.11.26"]
[SourceVersion "1"]
[SourceVersionDate "2010.11.26"]
[SourceQuality "1"]

1. d4 c5 2. Nf3 cxd4 3. Nxd4 Nc6 4. g3 e6 5. c3 d5 6. Bg2 Nf6 7. 0-0 Bc5 8. Nb3 Bb6 9. Na3 Ne5 10. Nd2 0-0 11. Nc2 Bd7 12. Nd4 Ng6 13. e3 e5 14. Nc2 Bc6 15. Re1 Qd7 16. Nb4 Rfe8 17. Nxc6 bxc6 18. Qa4 Rac8 19. Nf1 e4 20. Bd2 Ne5 21. Reb1 Nd3 22. Rd1 Ng4 23. Be1 Nge5 24. Qc2 Qf5 25. a4 Nf3+ 26. Kh1 Nfxe1 27. Rxe1 Nxf2+ 28. Kg1 Nd3 29. Red1 a6 30. b4 Qg5 31. Rab1 Rb8 32. Rb3 f5 33. Rdb1 f4 34. b5 cxb5 35. axb5 a5 36. Rd1 fxg3 37. hxg3 Red8 38. Rbb1 Kh8 39. Kh2 0-1

[Event "Brandenburg Seniors op 16th"]
[Site "Rowy"]
[Date "2007.06.18"]
[Round "1"]
[White "Bartoszek, Henryk"]
[Black "Ollek, Karl Heinz"]
[Result "1/2-1/2"]
[WhiteElo "2000"]
[BlackElo "1866"]
[PlyCount "49"]
[EventDate "2007.06.18"]
[EventType "swiss"]
[EventRounds "9"]
[EventCountry "POL"]
[SourceTitle "EXT 2011"]
[Source "ChessBase"]
[SourceDate "2010.11.26"]
[SourceVersion "1"]
[SourceVersionDate "2010.11.26"]
[SourceQuality "1"]

1. d4 d5 2. c4 c6 3. e3 Nf6 4. Nf3 Bg4 5. Qb3 Qc7 6. Ne5 Bh5 7. Nc3 e6 8. cxd5 exd5 9. Bd2 a5 10. Rc1 Nbd7 11. Nxd5 Nxd5 12. Qxd5 Bd6 13. Nxc6 Nf6 14. Qg5 0-0 15. Nxa5 Qxc1+ 16. Bxc1 Bb4+ 17. Bd2 Bxd2+ 18. Kxd2 Ne4+ 19. Kc2 Nxg5 20. Nc4 Rxa2 21. Bd3 Rd8 22. f4 Ne6 23. h3 Nxd4+ 24. exd4 Rxd4 25. g4 1/2-1/2